Statistics for Eastern Europe Map Quiz

Click here to take the quiz!

General Stats

  • This quiz has been taken 100,388 times
    (99,225 since last reset)
  • The average score is 17 of 21

Answers on the Map

Answers color-coded by a green-red scale on the quiz's map according to % correct below.
 

Answer Stats

Answer% Correct
Russia
97%
Poland
94%
Ukraine
94%
Belarus
88%
Lithuania
88%
Estonia
87%
Latvia
85%
Romania
85%
Croatia
84%
Czech Republic
84%
Moldova
83%
Bosnia and Herzegovina
79%
Bulgaria
79%
Hungary
79%
Albania
78%
Slovakia
78%
Kosovo
77%
Serbia
77%
North Macedonia
76%
Slovenia
76%
Montenegro
70%

Score Distribution

Percentile by Number Answered

Percent of People with Each Score

Your Score History

You have not taken this quiz since the last reset